00242nam a2200085Ia 4500008004100000100001800041245006000059260002900119300000800148201217s9999 xx 000 0 und d aGibson, J. W. 0aOrganizational communication : A managerial perspective aNew YorkbAcademic Press a418